Technetium-99m pharmaceuticals: preparation and quality control in nuclear medicine (Record no. 169153)
[ view plain ]
| 000 -LEADER | |
|---|---|
| fixed length control field | 00675nam a2200217Ia 4500 |
| 003 - CONTROL NUMBER IDENTIFIER | |
| control field | OSt |
| 005 - DATE AND TIME OF LATEST TRANSACTION | |
| control field | 20230405143537.0 |
| 008 - FIXED-LENGTH DATA ELEMENTS--GENERAL INFORMATION | |
| fixed length control field | 210423s2007 xx 000 0 und d |
| 020 ## - INTERNATIONAL STANDARD BOOK NUMBER | |
| International Standard Book Number | 978-3-540-33989-2 |
| 040 ## - CATALOGING SOURCE | |
| Transcribing agency | AL |
| 041 ## - LANGUAGE CODE | |
| Language code of text/sound track or separate title | eng |
| 082 ## - DEWEY DECIMAL CLASSIFICATION NUMBER | |
| Classification number | 541.38 |
| Edition number | 23 |
| Item number | ZOLT |
| 100 ## - MAIN ENTRY--PERSONAL NAME | |
| Personal name | ZOLLE (Ilse) |
| 9 (RLIN) | 83469 |
| 245 ## - TITLE STATEMENT | |
| Title | Technetium-99m pharmaceuticals: preparation and quality control in nuclear medicine |
| 260 ## - PUBLICATION, DISTRIBUTION, ETC. | |
| Place of publication, distribution, etc. | New York |
| Name of publisher, distributor, etc. | Springer Pvt Ltd |
| Date of publication, distribution, etc. | 2007 |
| 300 ## - PHYSICAL DESCRIPTION | |
| Extent | xx,345 |
| Other physical details | HB |
| 365 ## - TRADE PRICE | |
| Price amount | 15660.36 |
| Currency code | EUR |
| 650 ## - SUBJECT ADDED ENTRY--TOPICAL TERM | |
| Topical term or geographic name entry element | Physical Chemistry |
| 9 (RLIN) | 83470 |
| 906 ## - LOCAL DATA ELEMENT F, LDF (RLIN) | |
| a | control ; medicine ; nuclear ; pharmaceuticals: ; preparation ; quality ; Technetium-99m |
| 942 ## - ADDED ENTRY ELEMENTS (KOHA) | |
| Source of classification or shelving scheme | Dewey Decimal Classification |
| Koha item type | Book |
| Withdrawn status | Lost status | Damaged status | Not for loan | Collection code | Home library | Current library | Date acquired | Source of acquisition | Cost, normal purchase price | Total Checkouts | Full call number | Barcode | Date last seen | Price effective from | Koha item type |
|---|---|---|---|---|---|---|---|---|---|---|---|---|---|---|---|
| General Chemistry | St Aloysius PG Library | St Aloysius PG Library | 06/28/2018 | Intact Bookhouse | 15660.36 | 541.38 ZOLT | PG015655 | 08/24/2022 | 04/26/2021 | Reference |